German words A1.1 (Lektion 5) - Statistics

General Stats
  • This quiz has been taken 23 times
  • The average score is 34 of 58
Answer Stats
In German In English % Correct
Blau Blue
94%
Glas das Glass
94%
Grün Green
94%
Material das, Materialen Material
94%
Metall das Metal
94%
Papier das Paper
94%
Plastik das/ Kunststoff der Plastic
94%
Schwarz Black
88%
Braun Brown
88%
Neu New
88%
Orange Orange
88%
Rot Red
88%
Weiß White
88%
Gelb Yellow
88%
Adresse die, -n Address
81%
Buch das, -er Book
81%
Nummer die, -n Number
81%
Flasche die, -n Bottle
75%
Farbe die, -n Color
75%
Ring der, -e Ring
75%
Rund Round
75%
Straße die, -n Street
75%
Problem das, -e Problem
69%
Regenschirm der, -e Umbrella
69%
Entschuldigung die, -en Apology, excuse, pardon
63%
Kugelschreiber der Ballpoint pen, pen
63%
Brille die, -n Glasses, eyeglasses
63%
Telefon das, -e Phone
63%
Tasche die, -n Bag
56%
Schlüssel der Key
56%
Kein Problem No Problem
56%
Produkt das, -er Product
56%
Geburtsdatum Birthdate, date of birth
50%
Fotoaparat der, -e Camera
50%
Bleistift der, -e Pencil
50%
So Such, so, thus
50%
Holz das Wood
50%
Jede/r Every
44%
Form die, -en Form
44%
Aus Glass/Holz/Metall From glass, wood, metal
44%
Ort der, -e Location, place
44%
Jetzt Now
44%
Schreiben (To) write
44%
Wörterbuch das, -er Dictionary, lexicon, vocabulary
38%
Uhr die Hour
38%
Feuerzeug das, -e Lighter
38%
Geldbörse die, -n Wallet
38%
Wort das, -er Word
38%
Streichholz das, -er Match, matchsticks
31%
Noch einmal Once more, one more time, once again, again
31%
PLZ(Postleitzahl) die, -en Post code
31%
Seife die, -n Soap
31%
Man One, someone
25%
Menge die, -n Amount, quantity
19%
Kette die, -n Chain
19%
Bieten (To) offer, provide, bid
13%
Hausnummer Home number(phone)
6%
eckig Square
6%
No matching quizzes found
Score Distribution
Percent of People with Each Score
Percentile by Number Answered
Your Score History
You have not taken this quiz